000 00640nam a2200253Ia 4500
005 20260123172101.0
008 008 260114s9999 xx 000 0 eng d
020 _a9781848441378
037 _aEBOOK
040 _aCRL
040 _beng
040 _cCRL
041 _2eng
041 _aeng
084 _qCRL
100 _aHuberts, Leo W.J.C. and others, Eds.
_91107107
245 0 _aEthics and the Integrity of Governance: Perspectives across Frontiers
260 _bEdward Elgar
260 _c2008
856 _uhttps://doi.org/10.4337/9781848441378
942 _cEBOOK
999 _c1672216
_d1672216